00406nam a2200181Ia 4500008004100000020001800041050001400059100001500073245002100088245001500109260001500124260001600139260000900155300001500164300002700179300001000206500000800216170918s9999 xx 000 0 und d a9780590020435 bR456 1941 aRey, H. A. aCurious George / cH. A. Rey. aNew York : bScholastic, c1941 a46 pages : bcolored illustration ; c23cm. a590